000 00530 a2200205 4500
001 107357
020 _a9788578883270
041 _apor
082 _a[Fic]
100 _aTozzi, Caio.
250 _a. ed.
300 _a144 p
697 _aFriendship - Fiction.
856 _u000013/00001338.jpg
040 _aBR-BrIDEA
_cBR-BrIDEA
090 _aP Year 6 [Fic]
_bTOZ
245 1 0 _aO segredo do disco perdido
_buma aventura ao som do Clube da Esquina
_c Caio Tozzi
260 _aSão Paulo
_bPanda Books
_c2014
942 _cBK
999 _c107357
_d107357